Geografia Azji Quiz #3 - Statystyki

Ogólne statystyki
  • Ten quiz został rozwiązany 8 razy
  • Średni wynik to 10 z 20
Statystyki odpowiedzi
Zagadnienie Odpowiedź % Poprawnych
Jakie są dwie główne rzeki Iraku? Eufrat
100%
Jakie dwa pasma górskie znajdują się na granicy Europy i Azji? Kaukaz
75%
Który region Chin był kiedyś niepodległym państwem rządzonym przez Dalajlamę? Tybet
75%
Jakie dwa pasma górskie znajdują się na granicy Europy i Azji? Ural
75%
Jaką wyspę dzielą Indonezja, Malezja i Brunei? Borneo
63%
W obrębie którego miasta znajduje się mur, na którym mieszkają dzielnice muzułmańskie, chrześcijańskie, żydowskie i ormiańskie? Jerozolima
63%
WhW którym kraju znajduje się kosmodrom Bajkonur, największy na świecie obiekt do startów kosmicznych? Kazachstan
63%
Który półwysep jest podzielony strefą zdemilitaryzowaną? Korea
63%
Jakie słowo, zaczynające się na literę S, oznacza suche tereny trawiaste rozciągające się od Mongolii po Ukrainę? Step
63%
Które miasto było kiedyś nazywane „Paryżem Bliskiego Wschodu” przed wybuchem przemocy w latach 80.? Bejrut
50%
Która stolica kraju zaczyna się na literę H? Hanoi
50%
Jaki region jest przedmiotem sporu między Pakistanem, Indiami i Chinami? Kaszmir
50%
Które duże miasto znajduje się w delcie rzeki Jangcy? Szanghaj
50%
Na jakim akwenie wodnym leży wyspa Bahrajn? Zatoka Perska
50%
Na której górze w Turcji rzekomo osiadła arka Noego? Góra Ararat
38%
Jaka rzeka przepływa przez 6 różnych krajów, w tym Chiny i Wietnam? Mekong
38%
Który kraj kontrolował stan Goa do momentu jego inwazji i aneksji przez Indie w 1961 roku? Portugalia
25%
Które miasto jest drugim co do wielkości w obszarze metropolitalnym Tokio? Jokohama
13%
Maskotką którego miasta jest „Merlion”? Singapur
13%
Jakie są dwie główne rzeki Iraku? Tygris
0%
Nie znaleziono quizów pasujących do podanych kryteriów
Rozkład punktacji
Procent ludzi z każdym wynikiem
Percentyl według liczby udzielonych odpowiedzi
Twoja historia wyników
Nie rozwiązałeś tego quizu